Property asset management

Bibliographic Details
Main Author: Scarrett, Douglas
Format: Book
Language:English
Published: London : Routledge , c2011
Edition:Third Edition
Subjects:

MARC

LEADER 00000cam a2200000 7i4500
001 0000004343
005 20230613.0
008 991212 enk eng
020 |a 9780415556118 (pbk) 
040 |a INS 
090 0 0 |a TH3411.   |b S33 2011 
100 1 |a Scarrett, Douglas 
245 1 0 |a Property asset management   |c Douglas Scarrett 
250 |a Third Edition 
260 |a London :   |b Routledge ,   |c c2011 
300 |a xxviii, 271p. ;   |c 24 cm. 
500 |a Includes index 
650 0 |a Property management 
650 0 |a Real estate management 
650 0 |a Real property management 
999 |a 1000001383   |b BOOK   |c Open Shelf   |e Default branch 
999 |a 1000001948   |b BOOK   |c Open Shelf   |e Default branch